000 00250nam a22000977a 4500
008 240220b |||||||| |||| 00| 0 eng d
082 _aDG EUR
_bBLAP
100 1 0 _aBlanck, Ulf
_eautor
_943455
245 _aPiratas en la playa /
_cUlf Blanck
942 _2ddc
999 _c30640
_d17024